000
00265nam a22001217a 4500
040
_c
SK
082
_a
635
100
_a
TOUCH HENHGVANN; ទូច ហេងវណ្ណ
245
_a
Vegetable production
260
_a
RUA
_b
TOU
_c
2012
300
_a
29p.
942
_c
EK
999
_c
9456
_d
9456